Times de futebol brasileiros por hino - Statistics

Estatísticas Gerais
  • Esse quiz foi jogado 2 302 vezes
  • A pontuação média é 28 de 45
Estatísticas das Respostas
Trecho do Hino Time % Correto
É o meu maior prazer vê-lo brilhar, seja na terra, seja no mar Flamengo
96%
Existe um grande clube na cidade que mora dentro do meu coração Cruzeiro
91%
Até a pé nós iremos para o que der e vier Grêmio
90%
Sabe sempre levar de vencida e mostrar que de fato é campeão Palmeiras
88%
E hás de ser nosso imenso prazer, tradições aos milhões tens também Botafogo
87%
Tu és forte, tu és grande, dentre os grandes és o primeiro São Paulo
87%
Tua estrela na terra a brilhar ilumina o mar Vasco da Gama
86%
Teu passado é uma bandeira. Teu presente, uma missão Corinthians
85%
Salve o querido pavilhão das três cores que traduzem tradição Fluminense
83%
Correm os anos, surge o amanhã radioso de luz, varonil Internacional
83%
Sua bandeira no mastro é a história de um passado e um presente só de glórias Santos
82%
Nós somos campeões dos campeões, somos o orgulho do esporte nacional Atlético Mineiro
79%
Vamos, avante esquadrão.Vamos, serás o vencedor. Bahia
79%
Eterno simbolo de orgulho é o pavilhão de listras pretas e vermelhas Sport
74%
A camisa rubro-negra só se veste por amor Atlético Paranaense
73%
Pelos cantos do Brasil nosso grito já se ouviu Vitória
70%
Altivo, tua vida sempre foi um marco, tua glória é lutar e vencer também Fortaleza
68%
Atletas azulinos somos nós e cumpriremos o nosso dever Remo
68%
Teu passado é todo coberto de glórias, dia a dia tu conquistas mais vitórias Ceará
64%
Oh, glorioso, como é bom te ver campeão de novo Coritiba
64%
Na ilha formosa, cheia de graça, o time da raça Avaí
63%
Cantamos para o mundo inteiro, tu és a glória do esporte nacional América Mineiro
60%
Nas alegrias e nas horas mais difíceis, meu furacão, tu és sempre um vencedor Chapecoense
60%
Nosso clube é a nossa glória, nossa garra, nossa gente, nossa história Goiás
60%
Avante, avante meu bugre, que nós vibramos por ti Guarani
60%
Tem um belo, honradíssimo passado, são nobres as batalhas que venceu Paysandu
60%
Azulinos impávidos e fortes, enfrentemos os nossos rivais CSA
59%
Nossas almas em festa saúdam esse clube de real tradição Juventude
59%
Estandarte desfraldado, preto e branco é sua cor Ponte Preta
59%
Meu rubro-negro, eu chego e vejo você cumprindo o meu desejo de vencer, vencer, vencer Atlético Goianiense
57%
Clube querido das multidões, tu és o super campeão Santa Cruz
55%
No meu coração brotou o esplendor de te adorar com muito amor Náutico
54%
Lembrando os heróis do passado que escreveram seus nomes na história Criciúma
53%
Ao remo pois nosso norte de glórias traçado está CRB
49%
Vejo em tu pujança de um grande esquadrão Figueirense
49%
Eu sou a camisa doze que tanto te ama, sou teu torcedor Paraná
44%
É bola pra aqui, é bola pra lá, a turma joga com classe e raça para ganhar ABC
40%
O vermelho-sangue a brilhar. E faz cartaz, estouram foguetes no ar Bangu
38%
Sua torcida é fenomenal, êta esquadrão legal Vila Nova
38%
É uma canção que cantam mil amores, enfim América de Natal
35%
Sua camisa encarnada, verde e amarelo, veste gigante do esporte em constante duelo Sampaio Corrêa
35%
Hei de torcer, torcer, torcer, hei de torcer até morrer, morrer, morrer América Carioca
33%
Honre a cidade que te batizou, ostenta ao alto o seu pendão São Caetano
30%
Esse moleque travesso que tem nome e tradição Juventus
29%
E assim queridos, unidos, seremos dez, vinte mil Madureira
15%
Nenhum quiz correspondente encontrado
Distribuição das Pontuações
Porcentagem de Pessoas com Cada Pontuação
Percentil de Números Respondidos
Sua Pontuação Histórica
Você não jogou esse quiz